[Event "Tatarstan championship 2016"]
[Site "Kazan, Tatarstan"]
[Date "2016.09.16"]
[Round "1.1"]
[White "Markelova, Lubov"]
[Black "Zinatullina, Adelya"]
[Result "1-0"]
[WhiteElo "2145"]
[BlackElo "1882"]
[PlyCount "81"]
[EventDate "2016.09.16"]

1. Nf3 Nf6 2. c4 e6 3. Nc3 c5 4. g3 Nc6 5. Bg2 Be7 6. O-O O-O 7. d4 cxd4 8.
Nxd4 a6 9. e4 Qc7 10. Nxc6 dxc6 11. Be3 c5 12. f4 Bd7 13. e5 Ne8 14. Qh5 Bc6
15. Ne4 b6 16. Rae1 f6 17. Bd2 f5 18. Ng5 Bxg5 19. Bxc6 Qxc6 20. fxg5 g6 21.
Qe2 b5 22. Be3 b4 23. Qf2 Rc8 24. Rd1 Rf7 25. b3 a5 26. Rd2 a4 27. Rfd1 axb3
28. axb3 Ra7 29. Qg2 Qc7 30. h4 Rca8 31. Qf2 Qxe5 32. Bxc5 Ra3 33. Bd4 Qe4 34.
Re1 Qc6 35. Qe3 R8a6 36. Bb2 R3a5 37. Rd8 Ra2 38. Qd4 Ra7 39. Rxe8+ Kf7 40.
Qf6+ Kxe8 41. Rxe6+ 1-0

[Event "Tatartsan championship 2016"]
[Site "Kazan, Tatarstan"]
[Date "2016.09.16"]
[Round "1.3"]
[White "Yarullina, Alina"]
[Black "Tukaeva, Aida"]
[Result "1-0"]
[WhiteElo "2093"]
[BlackElo "1700"]
[PlyCount "53"]
[EventDate "2016.09.16"]

1. Nf3 d5 2. g3 Nf6 3. Bg2 Bf5 4. d3 Nbd7 5. O-O e5 6. Nbd2 Be7 7. Re1 O-O 8.
e4 dxe4 9. dxe4 Bg6 10. Qe2 Bd6 11. Nh4 Bh5 12. Qb5 Rb8 13. Nf5 Bc5 14. Nb3 a6
15. Qd3 Bb6 16. Be3 Re8 17. f3 h6 18. Rad1 Bg6 19. Bh3 Bxf5 20. Bxf5 Bxe3+ 21.
Qxe3 Qe7 22. Rd3 Red8 23. Red1 b6 24. Qd2 Kf8 25. Bxd7 Nxd7 26. Rxd7 Rxd7 27.
Qxd7 1-0

[Event "Tatarstan championship 2016"]
[Site "Kazan, Tatarstan"]
[Date "2016.09.16"]
[Round "1.2"]
[White "Shafigullina, Zarina"]
[Black "Kozina, Anastasia"]
[Result "1/2-1/2"]
[WhiteElo "1869"]
[BlackElo "2108"]
[PlyCount "156"]
[EventDate "2016.09.16"]

1. d4 Nf6 2. Nf3 e6 3. g3 d5 4. c4 Be7 5. Bg2 O-O 6. O-O dxc4 7. Ne5 Nc6 8.
Nxc6 bxc6 9. Bxc6 Rb8 10. Nc3 Bb7 11. Bb5 Bd5 12. Re1 c5 13. Bf4 Rb6 14. dxc5
Bxc5 15. e4 Rxb5 16. Nxb5 Nxe4 17. Be3 Bxe3 18. Rxe3 Qf6 19. Qe2 Ng5 20. Nc3
Bf3 21. Qc2 Bb7 22. h4 Nf3+ 23. Kf1 Nh2+ 24. Kg1 Ng4 25. Ne4 Qf5 26. Re2 Ne5
27. Ng5 Nf3+ 28. Kf1 Qd3 29. Rd1 Nh2+ 30. Ke1 Nf3+ 31. Nxf3 Qxf3 32. Re3 Qg2
33. Qxc4 Qh1+ 34. Ke2 Qh3 35. a3 h6 36. Rd7 Bd5 37. Qd4 a6 38. Rc3 Qh1 39. Qf4
Bc6 40. Rd6 Bb5+ 41. Kd2 Qb1 42. a4 Bf1 43. Rc2 Bh3 44. g4 h5 45. f3 Qf1 46.
Qg3 Rb8 47. Rd3 Rb4 48. b3 hxg4 49. Rc1 Qg2+ 50. Qxg2 Bxg2 51. fxg4 Bd5 52. Rg1
Kh7 53. Rgg3 f6 54. h5 Kh6 55. Ke3 Kg5 56. Kf2 Rf4+ 57. Kg1 Rb4 58. Rc3 Rb7 59.
Rc8 Bxb3 60. a5 Bd5 61. Rcc3 Rb4 62. Rc7 Kh6 63. Ra7 Bc4 64. Kh2 Bb5 65. Kh3
Ra4 66. Rc3 f5 67. gxf5 exf5 68. Rg3 Kxh5 69. Raxg7 Rh4+ 70. Kg2 Rg4 71. R3xg4
fxg4 72. Kg3 Be2 73. Re7 Bd3 74. Re6 Kg5 75. Re8 Kf5 76. Rg8 Ke5 77. Kxg4 Kd4
78. Rc8 Bc4 1/2-1/2

[Event "Tatarstan championship 2016"]
[Site "Kazan, Tatarstan"]
[Date "2016.09.16"]
[Round "1.4"]
[White "Danilova, Rada"]
[Black "Belova, Olga"]
[Result "1/2-1/2"]
[WhiteElo "1663"]
[BlackElo "2020"]
[PlyCount "73"]
[EventDate "2016.09.16"]

1. d4 Nf6 2. c4 e6 3. Nf3 Bb4+ 4. Bd2 Qe7 5. g3 Nc6 6. Bg2 Bxd2+ 7. Nbxd2 d6 8.
O-O a5 9. a3 e5 10. d5 Nb8 11. e4 O-O 12. b4 c6 13. Re1 Bd7 14. Nf1 Na6 15. Qb3
axb4 16. axb4 Nc7 17. Rac1 Ra7 18. c5 Nb5 19. Qb2 Re8 20. N1d2 Bg4 21. cxd6
Nxd6 22. dxc6 bxc6 23. Rxc6 Bxf3 24. Bxf3 Nb5 25. Rc5 Nd4 26. Bg2 Rb7 27. Qc3
Rxb4 28. Qxb4 Nc2 29. Qc4 Nxe1 30. Rc7 Qe6 31. Qxe6 fxe6 32. Bh3 g5 33. Rc6 g4
34. Bg2 Rd8 35. Nf1 Kf7 36. Rc1 Nxg2 37. Kxg2 1/2-1/2

[Event "Tatarstan championship 2016"]
[Site "Kazan, Tatarstan"]
[Date "2016.09.16"]
[Round "1.5"]
[White "Bulatova, Kamaliya"]
[Black "Agabekian, Razia"]
[Result "1-0"]
[WhiteElo "1942"]
[BlackElo "1624"]
[PlyCount "61"]
[EventDate "2016.09.16"]

1. d4 d5 2. Bf4 Nf6 3. e3 e6 4. Nf3 Nc6 5. Nbd2 Bd6 6. Bg3 Bd7 7. c3 Qe7 8. Ne5
Ne4 9. Nxe4 dxe4 10. Qg4 Bxe5 11. dxe5 O-O 12. Qxe4 Qc5 13. Bd3 g6 14. O-O Rab8
15. Qf4 Ne7 16. e4 Nc6 17. Qf6 Rfe8 18. Rae1 Rbd8 19. Re3 Bc8 20. Bf4 Qf8 21.
Qh4 Rd7 22. Rh3 Qg7 23. Bg5 h5 24. Bf6 Qh6 25. Rg3 Kh7 26. Be2 Ne7 27. Bg5 Qf8
28. Bxh5 Kg8 29. Be2 Qg7 30. Bf6 Qh7 31. Qxh7+ 1-0

[Event "Tatarstan championship 2016"]
[Site "Kazan, Tatarstan"]
[Date "2016.09.16"]
[Round "1.6"]
[White "Zaripova, Arina"]
[Black "Semenova, Anastasia"]
[Result "1/2-1/2"]
[WhiteElo "1517"]
[BlackElo "1890"]
[PlyCount "97"]
[EventDate "2016.09.16"]

1. d4 d5 2. Nf3 Nf6 3. c4 e6 4. Qc2 Nbd7 5. g3 dxc4 6. Qxc4 Nb6 7. Qc2 Bd7 8.
Bg2 Bc6 9. Nc3 Nbd5 10. O-O Nxc3 11. bxc3 Be7 12. Re1 Be4 13. Qa4+ c6 14. Qb3
Qb6 15. Ne5 Bxg2 16. Kxg2 O-O 17. Bg5 Rfd8 18. e4 c5 19. Nf3 h6 20. Bf4 cxd4
21. Qxb6 axb6 22. cxd4 Bb4 23. Re2 Bc3 24. Rb1 Bxd4 25. Nxd4 Rxd4 26. Rxb6 Rxe4
27. Rxe4 Nxe4 28. Rxb7 Rxa2 29. Be3 g5 30. Rb8+ Kg7 31. Kf3 f5 32. Rb6 Kf6 33.
Bd4+ Ke7 34. g4 Ra3+ 35. Be3 Ra2 36. gxf5 exf5 37. Rxh6 g4+ 38. Kf4 Nxf2 39.
Kxf5 Ra5+ 40. Kf4 Ra4+ 41. Kg3 Nd3 42. Rh7+ Ke6 43. Ra7 Re4 44. Bg5 Ne5 45. Bf4
Nd3 46. Bg5 Kf5 47. Ra5+ Kg6 48. Bd2 Kf6 49. h3 1/2-1/2

[Event "Tatarstan championship 2016"]
[Site "Kazan, Tatarstan"]
[Date "2016.09.17"]
[Round "2.1"]
[White "Bulatova, Kamaliya"]
[Black "Markelova, Lubov"]
[Result "1/2-1/2"]
[WhiteElo "1942"]
[BlackElo "2145"]
[PlyCount "76"]
[EventDate "2016.09.16"]

1. d4 e6 2. Nf3 c5 3. dxc5 Bxc5 4. g3 Nf6 5. Bg2 O-O 6. c4 Qa5+ 7. Nbd2 Nc6 8.
O-O Qa6 9. b3 d5 10. cxd5 exd5 11. Bb2 Re8 12. e3 Nb4 13. Ne1 Bf5 14. a3 Nd3
15. Nxd3 Bxd3 16. Re1 Ne4 17. Nf3 Bd6 18. Bf1 Bxf1 19. Rxf1 Rad8 20. Rc1 Nc5
21. Ng5 Qd3 22. b4 Qxd1 23. Rfxd1 Na4 24. Bd4 Be5 25. Nf3 Bxd4 26. Rxd4 Kf8 27.
b5 Nb6 28. Rcd1 Rc8 29. a4 Rc2 30. a5 Nc4 31. Rxd5 Nxa5 32. Ra1 b6 33. Rd7 Re7
34. Rad1 Rc5 35. Rd8+ Re8 36. R8d7 Re7 37. Rd8+ Re8 38. R8d7 Re7 1/2-1/2

[Event "Tatarstan championship 2016"]
[Site "Kazan, Tatarstan"]
[Date "2016.09.17"]
[Round "2.2"]
[White "Nigmatullina, Enge"]
[Black "Yarullina, Alina"]
[Result "1/2-1/2"]
[WhiteElo "1407"]
[BlackElo "2093"]
[PlyCount "79"]
[EventDate "2016.09.16"]

1. d4 Nf6 2. c4 g6 3. Nf3 Bg7 4. g3 O-O 5. Bg2 d6 6. O-O c6 7. Nc3 Qa5 8. Qc2
Qa6 9. b3 Bf5 10. Qd2 Ne4 11. Nxe4 Bxe4 12. Bb2 Nd7 13. Bh3 Nf6 14. Qf4 h6 15.
Nd2 g5 16. Qe3 d5 17. Nxe4 Nxe4 18. Bg2 f5 19. f3 f4 20. Qd3 Nd6 21. Rfc1 Nf5
22. gxf4 gxf4 23. Bh3 e6 24. Kf2 dxc4 25. Rxc4 Rad8 26. Qe4 Rde8 27. Bxf5 Rxf5
28. a3 Qb6 29. Rb4 Qc7 30. Rg1 Kh8 31. Rg6 Qf7 32. Rg4 Rd8 33. Bc1 a5 34. Rc4
b5 35. Rxc6 Bxd4+ 36. Kf1 Be5 37. Ke1 Qd7 38. Kf2 Qd1 39. Bxf4 Bd4+ 40. Be3
1/2-1/2

[Event "Tatarstan championship 2016"]
[Site "Kazan, Tatarstan"]
[Date "2016.09.17"]
[Round "2.3"]
[White "Kozina, Anastasia"]
[Black "Danilova, Rada"]
[Result "1-0"]
[WhiteElo "2108"]
[BlackElo "1663"]
[PlyCount "111"]
[EventDate "2016.09.16"]

1. e4 c5 2. Nf3 e6 3. d4 cxd4 4. Nxd4 Nc6 5. Nc3 Qc7 6. Be3 a6 7. g3 Nf6 8. Bg2
Be7 9. O-O O-O 10. f4 d6 11. Kh1 Bd7 12. Qe2 Rac8 13. Rad1 b5 14. a3 Rfe8 15.
g4 Nxd4 16. Bxd4 e5 17. fxe5 dxe5 18. Be3 Bxg4 19. Bf3 Be6 20. Qg2 Red8 21. Rg1
g6 22. Rdf1 b4 23. axb4 Bxb4 24. Bg5 Be7 25. Be2 Ne8 26. Bxe7 Qxe7 27. Bxa6 Rb8
28. b3 Qd6 29. Qe2 Nc7 30. Bc4 Qd2 31. Bxe6 Nxe6 32. Qf3 Nf4 33. Rf2 Qd7 34.
Rd1 Qh3 35. Qxh3 Nxh3 36. Rfd2 Rxd2 37. Rxd2 Rb7 38. Nd5 Rb5 39. b4 Ng5 40. c4
Rb8 41. Re2 Nf3 42. b5 Nd4 43. Ra2 Nb3 44. Kg2 Nc5 45. Kf3 Rb7 46. Ra8+ Kg7 47.
Rc8 Ne6 48. b6 Nd4+ 49. Ke3 Ne6 50. c5 Nf4 51. Nxf4 exf4+ 52. Kxf4 Kf6 53. Rc7
Rb8 54. b7 Ke6 55. c6 Kd6 56. Rc8 1-0

[Event "Tatarstan championship 2016"]
[Site "Kazan, Tatarstan"]
[Date "2016.09.17"]
[Round "2.4"]
[White "Belova, Olga"]
[Black "Zaripova, Arina"]
[Result "1-0"]
[WhiteElo "2020"]
[BlackElo "1517"]
[PlyCount "83"]
[EventDate "2016.09.16"]

1. e4 c6 2. Nc3 d5 3. Nf3 dxe4 4. Nxe4 Bg4 5. Be2 Nd7 6. d4 Ngf6 7. Ng3 Qc7 8.
c4 e6 9. h3 Bxf3 10. Bxf3 Bb4+ 11. Bd2 Qa5 12. a3 Bxd2+ 13. Qxd2 Qxd2+ 14. Kxd2
O-O-O 15. Kc3 e5 16. Rhe1 Rhe8 17. dxe5 Nxe5 18. Be2 g6 19. b4 h5 20. f4 Ned7
21. Bf3 h4 22. Ne4 Nxe4+ 23. Bxe4 Nf6 24. Bf3 Kc7 25. a4 Rxe1 26. Rxe1 Re8 27.
Rxe8 Nxe8 28. Kd4 Kd6 29. c5+ Ke6 30. Bg4+ f5 31. Be2 Nf6 32. Bc4+ Ke7 33. b5
cxb5 34. axb5 Ne4 35. Bd5 Ng3 36. Bxb7 Ne2+ 37. Ke5 Nc3 38. Bc6 Na4 39. b6 Nxc5
40. bxa7 Nd7+ 41. Bxd7 Kxd7 42. a8=Q 1-0

[Event "Tatarstan championship 2016"]
[Site "Kazan, Tatarstan"]
[Date "2016.09.17"]
[Round "2.5"]
[White "Semenova, Anastasia"]
[Black "Shafigullina, Zarina"]
[Result "0-1"]
[WhiteElo "1890"]
[BlackElo "1869"]
[PlyCount "56"]
[EventDate "2016.09.16"]

1. e4 c5 2. Nf3 Nc6 3. Bb5 g6 4. O-O Bg7 5. c3 Nf6 6. Re1 O-O 7. d4 cxd4 8.
cxd4 d5 9. e5 Ne4 10. Bxc6 bxc6 11. Nbd2 Nxd2 12. Nxd2 f6 13. exf6 Bxf6 14. Nb3
Qd6 15. Bh6 Rf7 16. Qd2 Qd7 17. Rac1 Qf5 18. Rc3 Bd7 19. Rf3 Qh5 20. Bf4 Raf8
21. Be5 Bg4 22. Rc3 Bg5 23. f4 Bxf4 24. Bxf4 Rxf4 25. Rxc6 Be2 26. h3 Rf2 27.
Rcc1 Rxg2+ 28. Kxg2 Qf3+ 0-1

[Event "Tatarstan championship 2016"]
[Site "Kazan, Tatarstan"]
[Date "2016.09.17"]
[Round "2.6"]
[White "Zinatullina, Adelya"]
[Black "Tukaeva, Aida"]
[Result "1-0"]
[WhiteElo "1882"]
[BlackElo "1700"]
[PlyCount "119"]
[EventDate "2016.09.16"]

1. d4 d5 2. Nf3 Nf6 3. c4 c6 4. Nc3 e6 5. e3 Nbd7 6. Qc2 Bd6 7. Bd3 dxc4 8.
Bxc4 b5 9. Bd3 a6 10. O-O O-O 11. Ne4 Qc7 12. Nxd6 Qxd6 13. e4 e5 14. dxe5 Nxe5
15. Nxe5 Qxe5 16. h3 Bb7 17. Be3 Rfe8 18. f4 Qh5 19. Rf3 c5 20. g4 Nxg4 21.
hxg4 Qxg4+ 22. Qg2 Qxg2+ 23. Kxg2 c4 24. Bc2 Bxe4 25. Bxe4 Rxe4 26. Rg3 Rd8 27.
Rg1 Rd3 28. Rxg7+ Kf8 29. Rg8+ Ke7 30. Bc5+ Kd7 31. Rf1 Rd2+ 32. Kf3 Re6 33.
Rf2 Rd3+ 34. Kg2 a5 35. Ra8 Kc6 36. Bf8 Kb6 37. Rb8+ Kc6 38. Rc8+ Kb7 39. Rc5
Rd8 40. Bg7 f6 41. f5 Red6 42. Rxb5+ Ka6 43. Rc5 Kb6 44. Rxc4 Rg8 45. Rg4 Rd7
46. Re2 Rgxg7 47. Re6+ Kc5 48. Rxg7 Rxg7+ 49. Kf3 Rf7 50. Ke4 Kb5 51. Kd3 Kc5
52. Ke4 Kb5 53. Kf4 Kc5 54. Kg4 Kb5 55. Kh5 Kc5 56. Kh6 Kb5 57. Re8 Rc7 58. Rf8
Rc2 59. Kxh7 Rxb2 60. Rb8+ 1-0

[Event "Tatarstan championship 2016"]
[Site "?"]
[Date "2016.09.18"]
[Round "3.9"]
[White "Markelova, Lubov"]
[Black "Nigmatullina, Enge"]
[Result "1-0"]
[WhiteElo "2145"]
[BlackElo "1407"]
[PlyCount "105"]
[EventDate "2016.??.??"]

1. Nf3 Nf6 2. c4 g6 3. Nc3 Bg7 4. e4 d6 5. d4 O-O 6. Be2 e5 7. d5 Nbd7 8. O-O
a5 9. Bg5 h6 10. Bh4 Qe8 11. Nd2 Nc5 12. b3 Nh7 13. a3 f5 14. f3 g5 15. Bf2 Nf6
16. Qc2 Nh5 17. b4 axb4 18. axb4 Rxa1 19. Rxa1 Na6 20. Qb3 Qf7 21. c5 Nf4 22.
Bf1 g4 23. c6 Nb8 24. b5 fxe4 25. Ncxe4 Nxd5 26. Bc4 bxc6 27. Ra7 Be6 28. Nxd6
Qf4 29. N6e4 gxf3 30. g3 Qg4 31. bxc6 Nf4 32. Bxe6+ Nxe6 33. Nc5 Re8 34. Nxe6
Qxe6 35. Qxe6+ Rxe6 36. Ra8 e4 37. Rxb8+ Kf7 38. Be3 Bc3 39. Rd8 Bxd2 40. Rxd2
Rxc6 41. Rd4 Re6 42. Rd7+ Re7 43. Rxe7+ Kxe7 44. Bxh6 Ke6 45. Kf2 Kd5 46. Ke3
c5 47. Bg7 Kc4 48. h4 Kb3 49. h5 c4 50. h6 c3 51. Bxc3 Kxc3 52. h7 Kc2 53. h8=Q
1-0

[Event "Tatarstan championship 2016"]
[Site "?"]
[Date "2016.09.18"]
[Round "3.10"]
[White "Yarullina, Alina"]
[Black "Kozina, Anastasia"]
[Result "1/2-1/2"]
[WhiteElo "2093"]
[BlackElo "2108"]
[PlyCount "84"]
[EventDate "2016.??.??"]

1. e4 e6 2. d3 d5 3. Nd2 Nf6 4. Ngf3 c5 5. g3 Nc6 6. Bg2 Be7 7. O-O O-O 8. e5
Nd7 9. Re1 b5 10. Nf1 a5 11. h4 b4 12. Bg5 Bxg5 13. hxg5 Qc7 14. Qe2 Ba6 15.
N1h2 Rfc8 16. Ng4 a4 17. Qe3 Qd8 18. Kh2 Ne7 19. Nh4 Ng6 20. Nxg6 fxg6 21. Bh3
Nf8 22. Qd2 Rab8 23. Reb1 c4 24. Bf1 c3 25. bxc3 bxc3 26. Qf4 Qa5 27. a3 Rb2
28. Rc1 Rc7 29. Qd4 Bc8 30. Ne3 Qa7 31. Qxa7 Rxa7 32. d4 Ba6 33. Kg1 Nd7 34.
Nd1 Bxf1 35. Kxf1 Rc7 36. Ke2 Rb6 37. Kd3 Rbc6 38. Rcb1 Nb6 39. Rb4 Nc4 40. Ra2
Nb6 41. Ra1 Nc4 42. Ra2 Nb6 {Ke4} 1/2-1/2

[Event "Tatarstan championship 2016"]
[Site "Kazan, Tatarstan"]
[Date "2016.09.18"]
[Round "3.3"]
[White "Shafigullina, Zarina"]
[Black "Belova, Olga"]
[Result "0-1"]
[WhiteElo "1869"]
[BlackElo "2020"]
[PlyCount "80"]
[EventDate "2016.09.16"]

1. d4 Nf6 2. Nf3 e6 3. g3 b5 4. Bg2 Bb7 5. O-O d5 6. a4 b4 7. a5 c5 8. c3 bxc3
9. Nxc3 Nbd7 10. Qa4 Rc8 11. Ne5 Bd6 12. Nb5 Bb8 13. Nc4 Rc6 14. Bf4 Bxf4 15.
gxf4 Qb8 16. dxc5 O-O 17. b4 dxc4 18. Nd4 Rcc8 19. c6 Bxc6 20. Nxc6 Qxf4 21. e3
Qd6 22. Rfd1 Nd5 23. Nxa7 Ra8 24. Nc6 Ne5 25. Nxe5 Qxe5 26. Qb5 Rab8 27. Qxc4
Rxb4 28. Qc5 Rg4 29. Kh1 Rxg2 30. Qxf8+ Kxf8 31. Kxg2 Qe4+ 32. Kg1 Qg4+ 33. Kh1
Qf3+ 34. Kg1 Nf6 35. a6 Ne4 36. Rf1 Qg4+ 37. Kh1 Qf3+ 38. Kg1 Ng5 39. h4 Qg4+
40. Kh1 Qh3+ 0-1

[Event "Tatarstan championship 2016"]
[Site "Kazan, Tatarstan"]
[Date "2016.09.18"]
[Round "3.4"]
[White "Zinatullina, Adelya"]
[Black "Bulatova, Kamaliya"]
[Result "0-1"]
[WhiteElo "1882"]
[BlackElo "1942"]
[PlyCount "86"]
[EventDate "2016.09.16"]

1. d4 Nf6 2. c4 g6 3. Nc3 Bg7 4. e4 d6 5. h3 O-O 6. Bg5 h6 7. Be3 Nbd7 8. Nf3
e5 9. d5 Nc5 10. Nd2 a5 11. a3 Bd7 12. b4 Na6 13. Rb1 axb4 14. axb4 Nh5 15. g3
b6 16. Be2 Nf6 17. Qb3 Ne8 18. Ra1 f5 19. f3 f4 20. Bf2 fxg3 21. Bxg3 Nf6 22.
c5 Bc8 23. Bxa6 Rxa6 24. Rxa6 Bxa6 25. b5 Bc8 26. c6 Nh5 27. Bf2 Nf4 28. h4 Bf6
29. Kd1 Nh3 30. Be3 Bxh4 31. Ne2 Kh7 32. Kc2 Bg5 33. Ng3 Bxe3 34. Qxe3 Qg5 35.
Qe1 Qf4 36. Kd3 Ng5 37. Rf1 Bh3 38. Rf2 Qxg3 39. Qe2 Ra8 40. Nc4 Bg4 41. Nd2
Bxf3 42. Nxf3 Nxf3 43. Kc4 Nd2+ 0-1

[Event "Tatarstan championship 2016"]
[Site "Kazan, Tatarstan"]
[Date "2016.09.18"]
[Round "3.5"]
[White "Agabekian, Razia"]
[Black "Semenova, Anastasia"]
[Result "1/2-1/2"]
[WhiteElo "1624"]
[BlackElo "1890"]
[PlyCount "86"]
[EventDate "2016.09.16"]

1. d4 d5 2. c4 e6 3. Nc3 Nf6 4. Bf4 Bd6 5. Bg3 c6 6. cxd5 exd5 7. e3 Bf5 8. Qb3
Bxg3 9. hxg3 Qc7 10. Nf3 Nbd7 11. Be2 O-O 12. Rc1 Qb6 13. Qxb6 axb6 14. Nh4 Be6
15. Bd3 c5 16. f3 Rfe8 17. Kf2 g6 18. g4 Bxg4 19. fxg4 Nxg4+ 20. Kg1 Rxe3 21.
Rh3 Rae8 22. Rf1 Ndf6 23. Bb5 R8e6 24. Nf3 c4 25. Ba4 h5 26. Bc2 Kg7 27. Ng5
Re7 28. Nf3 Re8 29. Ba4 R8e7 30. Bd1 Re8 31. Ng5 Re1 32. Bxg4 hxg4 33. Rg3 Nh5
34. Rxg4 f5 35. Rxe1 Rxe1+ 36. Kf2 Rh1 37. Rg3 Nxg3 38. Kxg3 Kf6 39. Nf3 Ke6
40. Kf4 Rf1 41. Ke3 f4+ 42. Ke2 Rh1 43. a4 Rh8 1/2-1/2

[Event "Tatarstan championship 2016"]
[Site "Kazan, Tatarstan"]
[Date "2016.09.18"]
[Round "3.6"]
[White "Danilova, Rada"]
[Black "Zaripova, Arina"]
[Result "1-0"]
[WhiteElo "1663"]
[BlackElo "1517"]
[PlyCount "41"]
[EventDate "2016.09.16"]

1. d4 d5 2. c4 e5 3. dxe5 d4 4. Nf3 Nc6 5. a3 Nge7 6. e3 Bg4 7. Be2 dxe3 8.
Qxd8+ Rxd8 9. Bxe3 Ng6 10. Nc3 Ncxe5 11. Nxe5 Nxe5 12. Bxg4 Nxg4 13. Bf4 c6 14.
O-O Bd6 15. Rfe1+ Kf8 16. Rad1 Be7 17. Rxd8+ Bxd8 18. Bd6+ Be7 19. Rxe7 g6 20.
Re4+ Kg7 21. Rxg4 1-0

[Event "Tatarstan championship 2016"]
[Site "?"]
[Date "2016.09.19"]
[Round "4.9"]
[White "Belova, Olga"]
[Black "Bulatova, Kamaliya"]
[Result "1/2-1/2"]
[WhiteElo "2020"]
[BlackElo "1942"]
[PlyCount "76"]
[EventDate "2016.??.??"]

1. d4 Nf6 2. Nc3 d5 3. Bg5 Nbd7 4. Nf3 c6 5. e3 g6 6. Bd3 Bg7 7. O-O O-O 8. Re1
Qb6 9. Rb1 Re8 10. e4 dxe4 11. Nxe4 Nxe4 12. Bxe4 Qa5 13. a3 e5 14. Bd3 Qd5 15.
c4 Qd6 16. b4 Nf8 17. c5 Qc7 18. dxe5 Bg4 19. Bf4 Bxf3 20. Qxf3 Bxe5 21. Bxe5
Rxe5 22. Rxe5 Qxe5 23. Bc4 Ne6 24. Rd1 Re8 25. h3 Ng5 26. Qb3 Re7 27. Qd3 Qf6
28. a4 Ne4 29. f3 Nc3 30. Rd2 Nxa4 31. Rc2 Nb2 32. Rxb2 Qxb2 33. Qd8+ Kg7 34.
Qxe7 Qd4+ 35. Kh1 Qxc4 36. Qxb7 Qc1+ 37. Kh2 Qf4+ 38. Kg1 Qc1+ 1/2-1/2

[Event "Tatarstan championship 2016"]
[Site "?"]
[Date "2016.09.19"]
[Round "4.10"]
[White "Kozina, Anastasia"]
[Black "Markelova, Lubov"]
[Result "1/2-1/2"]
[WhiteElo "2108"]
[BlackElo "2145"]
[PlyCount "131"]
[EventDate "2016.??.??"]

1. e4 e6 2. d4 d5 3. Nd2 c5 4. exd5 Qxd5 5. Ngf3 cxd4 6. Bc4 Qd6 7. O-O Nf6 8.
Nb3 Nc6 9. Nbxd4 Nxd4 10. Nxd4 a6 11. Bb3 Qc7 12. Qf3 Bd6 13. Kh1 Bd7 14. c3
O-O-O 15. Bg5 Qc5 16. Bh4 h5 17. Bc2 Rhg8 18. Bg3 Be8 19. Rad1 Ng4 20. Be4 Qc7
21. Bxd6 Rxd6 22. Qg3 Rb6 23. Qxc7+ Kxc7 24. b3 Nf6 25. Bf3 g5 26. g3 g4 27.
Bg2 h4 28. gxh4 Rh8 29. Kg1 Rxh4 30. Rfe1 Rd6 31. Rd3 Bc6 32. Red1 Bxg2 33.
Kxg2 Rd5 34. Ne2 Rdh5 35. Rh1 Nd7 36. Nf4 Rf5 37. Kg3 Rh6 38. h4 Ne5 39. Re3
Rhf6 40. Re4 Ng6 41. Nxg6 fxg6 42. Rh2 Rf3+ 43. Kxg4 Kd6 44. Re3 Rxf2 45. Rxf2
Rxf2 46. Kg5 Rh2 47. Re4 Rg2+ 48. Kf6 e5 49. c4 b6 50. b4 Rf2+ 51. Kxg6 Rf4 52.
c5+ bxc5 53. bxc5+ Kd5 54. Rxf4 exf4 55. h5 f3 56. h6 f2 57. h7 f1=Q 58. h8=Q
Qd3+ 59. Kg5 Qg3+ 60. Kf5 Qd3+ 61. Kf4 Kxc5 62. Qe5+ Kb4 63. Qe4+ Qxe4+ 64.
Kxe4 a5 65. Kd3 Ka3 66. Ke4 1/2-1/2

[Event "Tatarstan championship 2016"]
[Site "Kazan, Tatarstan"]
[Date "2016.09.19"]
[Round "4.3"]
[White "Agabekian, Razia"]
[Black "Yarullina, Alina"]
[Result "0-1"]
[WhiteElo "1624"]
[BlackElo "2093"]
[PlyCount "50"]
[EventDate "2016.09.16"]

1. d4 Nf6 2. c4 g6 3. Nc3 Bg7 4. Nf3 d6 5. e3 O-O 6. Be2 Nbd7 7. Bd2 e5 8. dxe5
dxe5 9. e4 c6 10. O-O Qc7 11. h3 Nc5 12. Qc2 Nh5 13. b4 Ne6 14. Be3 Nd4 15. Qc1
Be6 16. Ng5 Nf4 17. Re1 Ndxe2+ 18. Nxe2 Nd3 19. Qc2 Nxe1 20. Rxe1 Qe7 21. a3
Rfd8 22. Nf3 Qd7 23. Nc1 h6 24. Nd2 f5 25. f3 f4 0-1

[Event "Tatarstan championship 2016"]
[Site "Kazan, Tatarstan"]
[Date "2016.09.19"]
[Round "4.4"]
[White "Nigmatullina, Enge"]
[Black "Shafigullina, Zarina"]
[Result "0-1"]
[WhiteElo "1407"]
[BlackElo "1869"]
[PlyCount "70"]
[EventDate "2016.09.16"]

1. d4 Nf6 2. c4 e6 3. Nf3 b6 4. g3 Ba6 5. Nbd2 c6 6. Bg2 d5 7. O-O Bb4 8. Ne5
O-O 9. cxd5 cxd5 10. Ndf3 Ne4 11. Nd2 Bb7 12. Nxe4 dxe4 13. Bf4 Bd5 14. Qc2 f6
15. Ng4 Nc6 16. Rfd1 Rc8 17. Bxe4 Nxd4 18. Bxh7+ Kh8 19. Qd3 Bc5 20. Bg6 b5 21.
b3 e5 22. Be3 Be6 23. Bxd4 Bxd4 24. Qf3 Kg8 25. Nxe5 fxe5 26. Qh5 Rxf2 27. Qh7+
Kf8 28. e3 Bg8 29. Qh5 Qf6 30. exd4 Bd5 31. Rf1 Rg2+ 32. Kh1 Rxg3+ 33. Be4
Bxe4+ 34. Rf3 Bxf3+ 35. Qxf3 Qxf3# 0-1

[Event "Tatarstan championship 2016"]
[Site "Kazan, Tatarstan"]
[Date "2016.09.19"]
[Round "4.5"]
[White "Tukaeva, Aida"]
[Black "Danilova, Rada"]
[Result "0-1"]
[WhiteElo "1700"]
[BlackElo "1663"]
[PlyCount "76"]
[EventDate "2016.09.16"]

1. e4 c5 2. Nf3 e6 3. d4 cxd4 4. Nxd4 a6 5. Nc3 Qc7 6. Bd3 Nf6 7. O-O d6 8. f4
Be7 9. Qe2 Nbd7 10. Be3 b5 11. a4 b4 12. Nd1 Bb7 13. Nf2 O-O 14. g4 Nc5 15. Bd2
d5 16. e5 Nfe4 17. g5 Nxd2 18. Qxd2 Nxd3 19. Qxd3 Bc5 20. Rac1 Rac8 21. h4 Qb6
22. Ne2 a5 23. c3 Ba6 24. Qf3 Be3 25. Rc2 b3 26. Rcc1 Bxc1 27. Rxc1 Bxe2 28.
Qxe2 Rc4 29. Qd2 Rxa4 30. Kh2 Rc4 31. Rg1 d4 32. Qd3 dxc3 33. Ng4 Qxg1+ 34.
Kxg1 cxb2 35. Kh2 Rc2+ 36. Kh3 b1=Q 37. Qg3 Qh1+ 38. Nh2 Qxh2+ 0-1

[Event "Tatarstan championship 2016"]
[Site "Kazan, Tatarstan"]
[Date "2016.09.19"]
[Round "4.6"]
[White "Semenova, Anastasia"]
[Black "Zinatullina, Adelya"]
[Result "0-1"]
[WhiteElo "1890"]
[BlackElo "1882"]
[PlyCount "92"]
[EventDate "2016.09.16"]

1. e4 c5 2. c3 e6 3. d4 d5 4. exd5 Qxd5 5. Nf3 Nf6 6. Be2 Nc6 7. O-O Be7 8. h3
O-O 9. Be3 cxd4 10. Nxd4 Nxd4 11. cxd4 a6 12. a3 Qd8 13. Bf3 Nd5 14. Nc3 Bg5
15. Qe2 Bxe3 16. fxe3 Qg5 17. Rae1 Bd7 18. Nxd5 exd5 19. h4 Qxh4 20. Bxd5 Bb5
21. Bc4 Bxc4 22. Qxc4 Rac8 23. Qd5 Rc6 24. e4 Rh6 25. e5 Rh5 26. Qe4 Qh2+ 27.
Kf2 Rh4 28. Qxb7 Rxd4 29. Re4 Rd2+ 30. Ke1 Qxg2 31. e6 Rd1+ 32. Kxd1 Qxf1+ 33.
Kc2 fxe6 34. Kb3 Qd3+ 35. Ka4 Qd6 36. Rb4 h6 37. Qe4 Rf5 38. Rd4 Qb6 39. b4 a5
40. Qa8+ Kh7 41. Rd8 Qb5+ 42. Kb3 a4+ 43. Kc3 Qe5+ 44. Rd4 Qe1+ 45. Kd3 Qg3+
46. Kc4 Qb3# 0-1

[Event "Tatarstan championship 2016"]
[Site "?"]
[Date "2016.09.20"]
[Round "5.9"]
[White "Markelova, Lubov"]
[Black "Belova, Olga"]
[Result "1-0"]
[WhiteElo "2145"]
[BlackElo "2020"]
[PlyCount "75"]
[EventDate "2016.??.??"]

1. Nf3 d5 2. d4 Nf6 3. c4 c6 4. e3 Bf5 5. cxd5 cxd5 6. Nc3 e6 7. Ne5 Nc6 8. g4
Bg6 9. h4 h5 10. Nxg6 fxg6 11. g5 Ng8 12. Bd3 Nge7 13. Ne2 Nf5 14. Nf4 Bb4+ 15.
Bd2 Bxd2+ 16. Qxd2 Kf7 17. Rc1 Rc8 18. Bxf5 gxf5 19. g6+ Ke7 20. Rc5 Qd6 21.
Ke2 Kd7 22. Rhc1 Qe7 23. Qd3 Qxh4 24. Qb5 Rc7 25. Nd3 Rhc8 26. Ne5+ Ke7 27.
Rxc6 bxc6 28. Qc5+ Ke8 29. Nf7 Qg4+ 30. Kd2 Rxf7 31. gxf7+ Kxf7 32. Qxa7+ Kf6
33. Qd7 Rb8 34. Rxc6 Rxb2+ 35. Kc3 Qe2 36. Qxe6+ Kg5 37. Qg6+ Kh4 38. Qg3# 1-0